000 00349nam a2200145Ia 4500
008 240624s9999 xx 000 0 und d
041 _aeng
082 _a657 MCP
100 _aMCPHAIL KEN
245 _aACCOUNTING ETHICS
260 _c2013
_aLondon
_bSage Publications
300 _axlvii, : 358 : p. : cm. ; 24
365 _cGBP
_b38
440 _v3
999 _c21856
_d21856